000 00409nam a2200133Ia 4500
008 220217s9999 xx 000 0 und d
245 0 _aRubber gaskets for pressure cookers-Specification (First Revision)
260 _aNew Delhi
260 _c1994
_bISI
490 _aRUBBER PRODUCTS SECTIONAL COMMITTEE,6
500 _aStandard number: IS 7466
650 _aRubber gaskets for pressure cookers
942 _cST
999 _c73921
_d73921